| 000 | 00975cam a2200289 i 4500 | ||
|---|---|---|---|
| 001 | 2252436 | ||
| 003 | OSt | ||
| 005 | 20140310181648.0 | ||
| 008 | 770512r1925 iluaf j 000 1 eng | ||
| 010 | _a 77356401 | ||
| 040 |
_aDLC _cDLC _dDLC |
||
| 050 | 0 | 0 |
_aPZ 7 _b.B347 2001 |
| 082 |
_aKF _bB32l 2001 |
||
| 100 | 1 |
_aBaum, L. Frank _q(Lyman Frank), _d1856-1919. _96378 |
|
| 240 | 1 | 0 | _aLand of Oz |
| 245 | 1 | 4 |
_aThe land of Oz : _ba sequel to The wizard of Oz / _cby L. Frank Baum ; illustrated by Stout, William |
| 250 | _aPopular ed. | ||
| 260 |
_aNew York : _bByron Preiss Visual Publications, Inc., _c2001 |
||
| 300 |
_a287 p., [1] leaf of plates : _bill. (1 col.) ; _c24 cm. |
||
| 500 | _aFirst published under title: The marvelous land of Oz. | ||
| 541 | _j1 | ||
| 562 | _e1 | ||
| 650 | 0 |
_aChildren's stories, American. _94952 |
|
| 700 | 1 |
_aNeill, John R. _q(John Rea) _96379 |
|
| 906 |
_a7 _bcbc _corignew _d4 _encip _f19 _gy-gencatlg |
||
| 942 |
_2lcc _cBK-KF _kKF |
||
| 999 |
_c933 _d933 |
||